পাঁচ হাজার বছরের বাঙলা ও বাঙালী জাতীয়তাবাদ / (Record no. 198872)
[ view plain ]
| 000 -LEADER | |
|---|---|
| fixed length control field | 00731nam a22001817a 4500 |
| 003 - CONTROL NUMBER IDENTIFIER | |
| control field | BD-DhUL |
| 005 - DATE AND TIME OF LATEST TRANSACTION | |
| control field | 20170517164823.0 |
| 008 - FIXED-LENGTH DATA ELEMENTS--GENERAL INFORMATION | |
| fixed length control field | 170517s1975 bg ||||| |||| 00| 0 ben c |
| 040 ## - CATALOGING SOURCE | |
| Original cataloging agency | BD-DhUL |
| Transcribing agency | BD-DhUL |
| 082 ## - DEWEY DECIMAL CLASSIFICATION NUMBER | |
| Classification number | 954.14 |
| Item number | JAP |
| 100 1# - MAIN ENTRY--PERSONAL NAME | |
| Personal name | জলীল, এ. এফ. এম. আবদুল |
| 245 10 - TITLE STATEMENT | |
| Title | পাঁচ হাজার বছরের বাঙলা ও বাঙালী জাতীয়তাবাদ / |
| Statement of responsibility, etc. | এ. এফ. এম. আবদুল জলীল |
| 260 ## - PUBLICATION, DISTRIBUTION, ETC. (IMPRINT) | |
| Place of publication, distribution, etc. | খুলনা : |
| Name of publisher, distributor, etc. | কাকলী, |
| Date of publication, distribution, etc. | ১৯৭৫ |
| 300 ## - PHYSICAL DESCRIPTION | |
| Extent | [১৬], ৪২৮ পৃ. ; |
| Dimensions | ২২ সেমি. |
| 650 #0 - SUBJECT ADDED ENTRY--TOPICAL TERM | |
| Topical term or geographic name as entry element | বাংলাদেশ- ইতিহাস |
| 650 #0 - SUBJECT ADDED ENTRY--TOPICAL TERM | |
| Topical term or geographic name as entry element | Bangladesh - History |
| 942 ## - ADDED ENTRY ELEMENTS (KOHA) | |
| Source of classification or shelving scheme | |
| Koha item type | Books |
| Price effective from | Date last seen | Permanent Location | Not for loan | Date acquired | Source of classification or shelving scheme | Koha item type | Lost status | Withdrawn status | Source of acquisition | Collection code | Damaged status | Shelving location | Barcode | Current Location | Full call number |
|---|---|---|---|---|---|---|---|---|---|---|---|---|---|---|---|
| 2017-05-17 | 2017-05-17 | Dhaka University Library | Not For Loan | 2017-05-17 | Books | gift | Non Fiction | Dr. Aftab Ahmed Collection | 427981 | Dhaka University Library | 954.14 JAP |
